[Event "SVK-chT 2324"]
[Site "Slovakia"]
[Date "2023.12.09"]
[Round "3.7"]
[White "Lanc, Alois"]
[Black "Joba, Arpad"]
[Result "1-0"]
[WhiteElo "2244"]
[BlackElo "2113"]
[PlyCount "157"]
[EventDate "2023.11.04"]
[EventType "team-tourn"]
[EventRounds "11"]
[EventCountry "SVK"]
[SourceTitle "CB04_2024"]
[SourceDate "2023.10.16"]
[SourceVersion "1"]
[SourceVersionDate "2023.10.16"]
[SourceQuality "1"]
[WhiteTeam "Bratislava Slovan"]
[BlackTeam "Komarno"]
[WhiteTeamCountry "SVK"]
[BlackTeamCountry "SVK"]

1. e4 c5 2. Nf3 d6 3. d4 cxd4 4. Nxd4 Nf6 5. Nc3 a6 6. Bc4 Nc6 7. f4 e6 8. Be3 Qc7 9. Bb3 b5 10. Qf3 Be7 11. 0-0-0 Nxd4 12. Rxd4 Bb7 13. f5 e5 14. Rd2 b4 15. Ba4+ Kf8 16. Nd5 Bxd5 17. exd5 Qc4 18. Kb1 Ne4 19. Rdd1 Nc5 20. Bc6 Rb8 21. b3 Qc3 22. Bf2 Qxf3 23. gxf3 Bg5 24. Rhe1 f6 25. Bxc5 dxc5 26. d6 Rb6 27. Ba4 g6 28. Rd5 gxf5 29. d7 Ke7 30. Rxc5 Rd6 31. Rc4 Rd8 32. f4 Bh4 33. fxe5 Bxe1 34. exd6+ Kxd6 35. Kc1 a5 36. Kd1 Bc3 37. Ke2 Be5 38. Kf2 f4 39. Kf3 Ke7 40. Rc5 Rg8 41. Rc8 Rd8 42. Ke4 h5 43. Bb5 h4 44. Rc4 Ke6 45. Rc6+ Bd6 46. Rc8 Ke7 47. c4 bxc3 48. Rxc3 Ke6 49. Rc8 f5+ 50. Kf3 Ke7 51. Rc2 Kf6 52. Re2 Be5 53. Rc2 Bd6 54. Rc8 Ke7 55. Ke2 Bb4 56. Kd3 Be1 57. Rc5 Kf6 58. Rc6+ Ke7 59. Ke2 Bb4 60. Rc8 Bd6 61. Kf3 Be5 62. a3 Bd6 63. b4 axb4 64. axb4 Bxb4 65. Kxf4 Ba5 66. Kxf5 Bb4 67. Rc4 Ba5 68. Rxh4 Rf8+ 69. Ke4 Bc7 70. h3 Ke6 71. Rh6+ Rf6 72. Rh8 Rf4+ 73. Kd3 Rb4 74. Re8+ Kd6 75. d8Q+ Bxd8 76. Rxd8+ Kc7 77. Rd7+ Kb6 78. Bc4 Kc6 79. Rd5 1-0

[Event "WchT Seniors 65"]
[Site "Struga"]
[Date "2023.09.19"]
[Round "1.3"]
[White "Kierzek, Mira"]
[Black "Lanc, Alois"]
[Result "0-1"]
[WhiteElo "1935"]
[BlackElo "2236"]
[PlyCount "114"]
[EventDate "2023.09.19"]
[EventType "team-swiss"]
[EventRounds "9"]
[EventCountry "MKD"]
[SourceTitle "EXT 2024"]
[Source "ChessBase"]
[SourceDate "2023.10.10"]
[SourceVersion "1"]
[SourceVersionDate "2023.10.10"]
[SourceQuality "1"]
[WhiteTeam "Germany 65 (W)"]
[BlackTeam "Slovakia 65"]
[WhiteTeamCountry "GER"]
[BlackTeamCountry "SVK"]

1. d4 Nf6 2. c4 d6 3. Nc3 e5 4. d5 Be7 5. e4 0-0 6. f3 Ne8 7. Be3 Bg5 8. Qd2 Bxe3 9. Qxe3 c6 10. Bd3 Na6 11. Nge2 Nc5 12. Bc2 cxd5 13. Nxd5 Be6 14. Nec3 Bxd5 15. cxd5 Qb6 16. Rb1 a5 17. 0-0 Nc7 18. Kh1 Rac8 19. f4 f6 20. Bd1 exf4 21. Rxf4 Rce8 22. Bg4 Na4 23. Qxb6 Nxb6 24. b3 g6 25. Rff1 h5 26. Bf3 Nd7 27. Na4 b5 28. Rbc1 Rc8 29. Nc3 Nc5 30. Rfd1 Rfe8 31. Rf1 Kg7 32. h3 Nd3 33. Rcd1 Ne5 34. Rc1 b4 35. Ne2 Nb5 36. Nf4 Nc3 37. Rc2 Nb5 38. Rfc1 Rxc2 39. Rxc2 Nc3 40. Ne6+ Kh6 41. Nf4 g5 42. Ne2 Nb5 43. Ng3 g4 44. hxg4 hxg4 45. Be2 Nc3 46. Nf5+ Kg5 47. Nxd6 Rd8 48. Nb7 Rh8+ 49. Kg1 Nxe4 50. Nc5 Ng3 51. Kf2 Nf5 52. Ne4+ Kf4 53. Nxf6 Nd4 54. g3+ Kf5 55. Bxg4+ Nxg4+ 56. Nxg4 Nxc2 57. Kf3 Ne1+ 0-1

[Event "Olomouc IM-B 24th"]
[Site "Olomouc"]
[Date "2023.08.19"]
[Round "9"]
[White "Valkova, Angelika"]
[Black "Lanc, Alois"]
[Result "1-0"]
[WhiteElo "2057"]
[BlackElo "2263"]
[PlyCount "93"]
[EventDate "2023.08.12"]
[EventType "tourn"]
[EventRounds "9"]
[EventCountry "CZE"]
[SourceTitle "CBM 215 Extra"]
[Source "ChessBase"]
[SourceDate "2023.09.30"]
[SourceVersion "1"]
[SourceVersionDate "2023.09.30"]
[SourceQuality "1"]

1. d4 g6 2. e4 Bg7 3. h4 d5 4. e5 c5 5. Nc3 Nc6 6. Bb5 a6 7. Bxc6+ bxc6 8. h5 Qc7 9. h6 Bf8 10. Be3 Rb8 11. Na4 cxd4 12. Qxd4 e6 13. c3 c5 14. Nxc5 Rxb2 15. Nb3 Ne7 16. Nf3 Nf5 17. Qd3 Bd7 18. Nfd4 Qxe5 19. Nxf5 gxf5 20. 0-0 Bd6 21. f4 Qe4 22. Qxe4 fxe4 23. Rf2 Rxf2 24. Kxf2 Ke7 25. Nc5 Rc8 26. Nxd7 Kxd7 27. Rc1 f6 28. g4 Rc4 29. g5 fxg5 30. fxg5 Be5 31. Bd2 Rc8 32. Rb1 Kc6 33. Be3 Bxc3 34. Rb6+ Kd7 35. Rxa6 Be5 36. Ra7+ Rc7 37. Rxc7+ Kxc7 38. Bc5 Bf4 39. Be7 d4 40. Bf6 d3 41. g6 e3+ 42. Kf3 e2 43. Bc3 Bxh6 44. gxh7 Bg7 45. Bd2 Kc6 46. Ke4 Bh6 47. Kxd3 1-0

[Event "Olomouc IM-B 24th"]
[Site "Olomouc"]
[Date "2023.08.17"]
[Round "7"]
[White "Koziorowicz, Michal"]
[Black "Lanc, Alois"]
[Result "1-0"]
[WhiteElo "2319"]
[BlackElo "2263"]
[PlyCount "91"]
[EventDate "2023.08.12"]
[EventType "tourn"]
[EventRounds "9"]
[EventCountry "CZE"]
[SourceTitle "CBM 215 Extra"]
[Source "ChessBase"]
[SourceDate "2023.09.30"]
[SourceVersion "1"]
[SourceVersionDate "2023.09.30"]
[SourceQuality "1"]

1. e4 c5 2. Nf3 Nc6 3. Bb5 g6 4. 0-0 Bg7 5. Bxc6 dxc6 6. d3 Nf6 7. Nc3 Nd7 8. Be3 e5 9. h3 b6 10. Nh2 Nf8 11. f4 exf4 12. Bxf4 Ne6 13. Bg3 Nd4 14. Qd2 0-0 15. Rae1 c4 16. Nf3 cxd3 17. cxd3 Ba6 18. Rd1 Qe7 19. Nxd4 Bxd4+ 20. Kh1 Rad8 21. Rf3 Rd7 22. Qf4 f6 23. Qg4 Bc8 24. Qf4 Bb7 25. Rdf1 c5 26. Bh4 Qe6 27. Qc1 Rdf7 28. Re1 Be5 29. Bg3 Bxg3 30. Rxg3 Qe5 31. Rf3 Qc7 32. Rfe3 f5 33. Nd5 Qe5 34. Qc3 Qd6 35. Qc4 a6 36. a4 b5 37. axb5 axb5 38. Qxb5 fxe4 39. dxe4 Bxd5 40. Qd3 Rd7 41. Rd1 Rfd8 42. Qe2 Qf4 43. exd5 Qf6 44. Re6 Qf8 45. d6 Qf4 46. Re8+ 1-0

[Event "Olomouc IM-B 24th"]
[Site "Olomouc"]
[Date "2023.08.14"]
[Round "4"]
[White "Lanc, Alois"]
[Black "Adarsh, Tripathi"]
[Result "0-1"]
[WhiteElo "2263"]
[BlackElo "2286"]
[PlyCount "64"]
[EventDate "2023.08.12"]
[EventType "tourn"]
[EventRounds "9"]
[EventCountry "CZE"]
[SourceTitle "CBM 215 Extra"]
[Source "ChessBase"]
[SourceDate "2023.09.30"]
[SourceVersion "1"]
[SourceVersionDate "2023.09.30"]
[SourceQuality "1"]

1. e4 c5 2. Nf3 d6 3. d4 cxd4 4. Nxd4 Nf6 5. Nc3 Nc6 6. Bc4 Qb6 7. Nb3 e6 8. Be3 Qc7 9. f4 Be7 10. Bd3 a6 11. a4 e5 12. 0-0 exf4 13. Bxf4 Be6 14. Kh1 0-0 15. Ne2 Bxb3 16. cxb3 Rfe8 17. Ng3 Ne5 18. Bxe5 dxe5 19. Bc4 g6 20. Rc1 Qb6 21. Rc3 Rad8 22. Qc1 Rf8 23. Rcf3 Kh8 24. Qg5 Nd5 25. Qh6 Nf4 26. Nf5 Bf6 27. g3 Nh5 28. Ne3 Bg7 29. Qg5 f6 30. Qg4 Qd4 31. Bd5 Bh6 32. Ng2 Rxd5 0-1

[Event "EU-chT Seniors 65"]
[Site "Swidnica"]
[Date "2023.07.14"]
[Round "3.1"]
[White "Large, Peter G"]
[Black "Lanc, Alois"]
[Result "0-1"]
[WhiteElo "2235"]
[BlackElo "2240"]
[PlyCount "122"]
[EventDate "2023.07.12"]
[EventType "team-swiss"]
[EventRounds "9"]
[EventCountry "POL"]
[SourceTitle "CBM 215 Extra"]
[Source "ChessBase"]
[SourceDate "2023.09.30"]
[SourceVersion "1"]
[SourceVersionDate "2023.09.30"]
[SourceQuality "1"]
[WhiteTeam "England 65"]
[BlackTeam "Slovakia 65"]
[WhiteTeamCountry "ENG"]
[BlackTeamCountry "SVK"]

1. e4 e5 2. Nf3 Nc6 3. Bb5 a6 4. Ba4 Nf6 5. d4 exd4 6. 0-0 Be7 7. e5 Ne4 8. Nxd4 0-0 9. Nf5 d5 10. Bxc6 bxc6 11. Nxe7+ Qxe7 12. Re1 f6 13. f3 Ng5 14. exf6 Qxf6 15. Qd2 h6 16. Qc3 Qg6 17. Bxg5 hxg5 18. Nd2 g4 19. Re7 Bf5 20. fxg4 Bxg4 21. Rae1 Rae8 22. Rxe8 Rxe8 23. Rxe8+ Qxe8 24. Nb3 Bf5 25. Nd4 Bd7 26. b4 Qe5 27. h3 Bf5 28. Qd2 Be4 29. c3 Qd6 30. Nb3 Bf5 31. Qe2 Qg6 32. Kh2 Bd3 33. Qf2 Bc4 34. Nc5 Qd6+ 35. Qg3 d4 36. cxd4 Qxd4 37. a3 a5 38. Qxc7 axb4 39. axb4 Bd5 40. Qb8+ Kh7 41. Nd7 Qe4 42. Nf8+ Kh6 43. Qg3 g5 44. Nd7 Qxb4 45. Nf6 Be6 46. Qf3 Qf4+ 47. Qxf4 gxf4 48. g3 Kg6 49. Ne4 Kf5 50. Nc5 Bd5 51. g4+ Ke5 52. h4 Kd4 53. Nd7 Ke3 54. Ne5 f3 55. g5 f2 56. Ng4+ Kf3 57. Nxf2 Kxf2 58. h5 Bf3 59. h6 Be4 60. Kh3 Kf3 61. Kh4 Bg6 0-1

[Event "EU-chT Seniors 65"]
[Site "Swidnica"]
[Date "2023.07.13"]
[Round "2.2"]
[White "Lanc, Alois"]
[Black "Roos, Jean Luc"]
[Result "1-0"]
[WhiteElo "2240"]
[BlackElo "2169"]
[PlyCount "67"]
[EventDate "2023.07.12"]
[EventType "team-swiss"]
[EventRounds "9"]
[EventCountry "POL"]
[SourceTitle "CBM 215 Extra"]
[Source "ChessBase"]
[SourceDate "2023.09.30"]
[SourceVersion "1"]
[SourceVersionDate "2023.09.30"]
[SourceQuality "1"]
[WhiteTeam "Slovakia 65"]
[BlackTeam "Strasbourg 65"]
[WhiteTeamCountry "SVK"]
[BlackTeamCountry "FRA"]

1. e4 c5 2. Nf3 Nc6 3. Bb5 g6 4. Bxc6 dxc6 5. h3 Bg7 6. d3 Nf6 7. Nc3 0-0 8. Be3 b6 9. Qd2 Re8 10. Bh6 Bh8 11. g4 e5 12. 0-0-0 a5 13. Bg5 a4 14. Nh2 Qd6 15. Nf1 Nd7 16. Ng3 b5 17. Nce2 Nb6 18. f3 Be6 19. Kb1 Ra6 20. h4 f6 21. Be3 Bf7 22. Nc1 c4 23. h5 a3 24. hxg6 Bxg6 25. b3 Qb8 26. Nf5 Na4 27. Nh6+ Kg7 28. dxc4 bxc4 29. Qd7+ Kf8 30. Nf5 c5 31. Rxh7 Bxh7 32. Qxh7 Ra7 33. Qxh8+ Kf7 34. Qh5+ 1-0

[Event "CZE-chT2E 2223"]
[Site "Czech Republic"]
[Date "2023.03.05"]
[Round "10.2"]
[White "Lanc, Alois"]
[Black "Nemec, David"]
[Result "1-0"]
[WhiteElo "2269"]
[BlackElo "2023"]
[PlyCount "53"]
[EventDate "2022.10.16"]
[EventType "team-tourn"]
[EventRounds "11"]
[EventCountry "CZE"]
[SourceTitle "EXT 2024"]
[Source "ChessBase"]
[SourceDate "2023.10.10"]
[SourceVersion "1"]
[SourceVersionDate "2023.10.10"]
[SourceQuality "1"]
[WhiteTeam "Prusanky Podluzan"]
[BlackTeam "Brno Lokomotiva"]
[WhiteTeamCountry "CZE"]
[BlackTeamCountry "CZE"]

1. e4 d6 2. d4 Nf6 3. Nc3 Nbd7 4. f4 e5 5. Nf3 exd4 6. Qxd4 c6 7. Be3 d5 8. 0-0-0 c5 9. Qa4 d4 10. Nxd4 cxd4 11. Bxd4 Be7 12. e5 Nh5 13. f5 0-0 14. g4 Nb6 15. Qb3 Bg5+ 16. Kb1 Qe7 17. gxh5 Bxf5 18. Bd3 Be6 19. Qb5 Rfc8 20. Rhg1 Bh6 21. Ne4 Rc6 22. Nd6 a6 23. Qa5 Nc4 24. Qe1 Kh8 25. Qe4 g6 26. Bxc4 Bxc4 27. e6+ 1-0

[Event "SVK-chT1W 2223"]
[Site "Slovakia"]
[Date "2023.02.04"]
[Round "8.4"]
[White "Lanc, Alois"]
[Black "Compel, Daniel"]
[Result "0-1"]
[WhiteElo "2243"]
[BlackElo "2091"]
[PlyCount "86"]
[EventDate "2022.10.15"]
[EventType "team-tourn"]
[EventRounds "11"]
[EventCountry "SVK"]
[SourceTitle "EXT 2024"]
[Source "ChessBase"]
[SourceDate "2023.10.10"]
[SourceVersion "1"]
[SourceVersionDate "2023.10.10"]
[SourceQuality "1"]
[WhiteTeam "Trnava Sered"]
[BlackTeam "Bratislava Doprastav"]
[WhiteTeamCountry "SVK"]
[BlackTeamCountry "SVK"]

1. e4 c5 2. Nf3 d6 3. d4 cxd4 4. Nxd4 Nf6 5. Nc3 a6 6. f4 e5 7. Nf3 Nbd7 8. a4 Be7 9. Bc4 0-0 10. fxe5 Nxe5 11. Nxe5 dxe5 12. Qxd8 Rxd8 13. Bg5 Be6 14. Bxf6 Bxf6 15. Nd5 Rac8 16. Bb3 Bxd5 17. exd5 Be7 18. 0-0 Rf8 19. c3 Bd6 20. g4 f6 21. Kg2 g6 22. Bc2 Rc4 23. h3 e4 24. Rae1 f5 25. gxf5 gxf5 26. Kf2 Rc7 27. Rg1+ Rg7 28. Ke2 Rxg1 29. Rxg1+ Kf7 30. Rf1 Kg6 31. Ke3 Bc5+ 32. Kf4 Re8 33. b4 Bd6+ 34. Ke3 Kf6 35. Kd2 f4 36. Re1 Kf5 37. Rg1 f3 38. Rg7 Kf4 39. Rg4+ Kf5 40. Rg7 Be7 41. Ke3 Bg5+ 42. Kf2 Kf6 43. Rxb7 e3+ 0-1

[Event "SVK-chT 2223"]
[Site "Slovakia"]
[Date "2023.01.21"]
[Round "5.1"]
[White "Lanc, Alois"]
[Black "Halak, Miklos"]
[Result "0-1"]
[WhiteElo "2269"]
[BlackElo "2261"]
[PlyCount "98"]
[EventDate "2022.10.22"]
[EventType "team-tourn"]
[EventRounds "11"]
[EventCountry "SVK"]
[SourceTitle "EXT 2024"]
[Source "ChessBase"]
[SourceDate "2023.10.10"]
[SourceVersion "1"]
[SourceVersionDate "2023.10.10"]
[SourceQuality "1"]
[WhiteTeam "Bratislava Slovan"]
[BlackTeam "Cebovce"]
[WhiteTeamCountry "SVK"]
[BlackTeamCountry "SVK"]

1. e4 c6 2. d4 d5 3. Nc3 dxe4 4. Nxe4 Nf6 5. Ng3 h5 6. Bc4 h4 7. N3e2 Bf5 8. h3 e6 9. Nf3 Be7 10. Nf4 Nbd7 11. Qe2 Nd5 12. c3 Qc7 13. Nxd5 cxd5 14. Bd3 Bxd3 15. Qxd3 a6 16. Bd2 b5 17. b3 Qb6 18. 0-0 0-0 19. Ng5 Nf6 20. Rfe1 Rac8 21. Re3 Rc6 22. Rf3 g6 23. Re1 Kg7 24. Qe3 Rh8 25. Qf4 Qd8 26. Re5 Rh5 27. g4 Rxg5 28. Rxg5 Qe8 29. Qe5 Qd8 30. Rf4 Bd6 31. Qe1 Bxf4 32. Bxf4 Ne4 33. Re5 f6 34. Rxe4 dxe4 35. Qxe4 Qd5 36. Qd3 g5 37. Bd2 a5 38. f4 gxf4 39. Bxf4 a4 40. g5 Qf5 41. gxf6+ Kf7 42. Qf3 Qb1+ 43. Kh2 Qxa2+ 44. Kh1 Qb1+ 45. Kg2 Qc2+ 46. Kg1 Rxc3 47. Qb7+ Kxf6 48. Be5+ Kg5 49. Qe7+ Kh5 0-1

[Event "SVK-chT1W 2223"]
[Site "Slovakia"]
[Date "2023.01.14"]
[Round "7.4"]
[White "Abel, Peter"]
[Black "Lanc, Alois"]
[Result "0-1"]
[WhiteElo "2147"]
[BlackElo "2243"]
[PlyCount "68"]
[EventDate "2022.10.15"]
[EventType "team-tourn"]
[EventRounds "11"]
[EventCountry "SVK"]
[SourceTitle "EXT 2024"]
[Source "ChessBase"]
[SourceDate "2023.10.10"]
[SourceVersion "1"]
[SourceVersionDate "2023.10.10"]
[SourceQuality "1"]
[WhiteTeam "Povazska Bystrica"]
[BlackTeam "Trnava Sered"]
[WhiteTeamCountry "SVK"]
[BlackTeamCountry "SVK"]

1. c4 e5 2. Nc3 d6 3. g3 g6 4. Bg2 Bg7 5. Nf3 f5 6. d3 Nf6 7. 0-0 0-0 8. Rb1 a5 9. a3 Nc6 10. b4 axb4 11. axb4 h6 12. Ne1 g5 13. e3 Ne7 14. b5 Qe8 15. Nc2 Qg6 16. f4 h5 17. Bd2 g4 18. Qe2 h4 19. Be1 hxg3 20. hxg3 Re8 21. fxe5 dxe5 22. e4 f4 23. gxf4 exf4 24. Rxf4 Nh5 25. Rf2 Qg5 26. Qe3 Qxe3 27. Nxe3 Bd4 28. Bd2 Ra3 29. Rc1 Ng6 30. Bf1 g3 31. Rf3 Ne5 32. Be2 Nxf3+ 33. Bxf3 Nf4 34. Kf1 Bh3+ 0-1

[Event "CZE-chT2E 2223"]
[Site "Czech Republic"]
[Date "2023.01.08"]
[Round "6.2"]
[White "Lanc, Alois"]
[Black "Buchnicek, Petr"]
[Result "0-1"]
[WhiteElo "2269"]
[BlackElo "2239"]
[PlyCount "128"]
[EventDate "2022.10.16"]
[EventType "team-tourn"]
[EventRounds "11"]
[EventCountry "CZE"]
[SourceTitle "EXT 2024"]
[Source "ChessBase"]
[SourceDate "2023.10.10"]
[SourceVersion "1"]
[SourceVersionDate "2023.10.10"]
[SourceQuality "1"]
[WhiteTeam "Prusanky Podluzan"]
[BlackTeam "Jundrov Jezdci II"]
[WhiteTeamCountry "CZE"]
[BlackTeamCountry "CZE"]

1. e4 c6 2. Nc3 d5 3. Nf3 Bg4 4. h3 Bxf3 5. Qxf3 e6 6. d3 Bb4 7. Bd2 Nd7 8. a3 Ba5 9. g3 Ngf6 10. Qe2 d4 11. Nb1 e5 12. Bxa5 Qxa5+ 13. Nd2 0-0 14. h4 b5 15. Bh3 Qc7 16. 0-0 Nb6 17. f4 c5 18. fxe5 Qxe5 19. Qg2 Qe7 20. Rf2 Nfd7 21. Bxd7 Nxd7 22. Qh3 Qe6 23. Qxe6 fxe6 24. Rxf8+ Rxf8 25. b4 Rc8 26. Nf3 e5 27. a4 cxb4 28. axb5 Rxc2 29. Ne1 Rc7 30. Rb1 Rb7 31. Rxb4 a6 32. b6 Rxb6 33. Ra4 Kf7 34. Nf3 h6 35. Kf1 Ke7 36. Ra5 Kd6 37. Nd2 Ke6 38. Ke2 Kf6 39. Rd5 Ke7 40. Nc4 Rb5 41. Rd6 Nb8 42. Rg6 Kf7 43. Rxa6 Nxa6 44. Nd6+ Kg6 45. Nxb5 Kh5 46. Nd6 Kg4 47. Nc4 Kxg3 48. Nxe5 Nc5 49. Nc6 Ne6 50. h5 Kg4 51. e5 Nf4+ 52. Kd2 Kf5 53. Nxd4+ Kxe5 54. Nb5 Nxh5 55. Ke3 Nf6 56. d4+ Kf5 57. Nd6+ Kg4 58. Ne4 Nxe4 59. Kxe4 h5 60. d5 h4 61. d6 h3 62. d7 h2 63. d8Q h1Q+ 64. Ke3 Qe1+ 0-1

[Event "CZE-chT2E 2223"]
[Site "Czech Republic"]
[Date "2022.12.04"]
[Round "4.2"]
[White "Lanc, Alois"]
[Black "Mudrak, Josef"]
[Result "1/2-1/2"]
[WhiteElo "2269"]
[BlackElo "2239"]
[PlyCount "47"]
[EventDate "2022.10.16"]
[EventType "team-tourn"]
[EventRounds "11"]
[EventCountry "CZE"]
[SourceTitle "EXT 2024"]
[Source "ChessBase"]
[SourceDate "2023.10.10"]
[SourceVersion "1"]
[SourceVersionDate "2023.10.10"]
[SourceQuality "1"]
[WhiteTeam "Prusanky Podluzan"]
[BlackTeam "Kromeriz Slavia II"]
[WhiteTeamCountry "CZE"]
[BlackTeamCountry "CZE"]

1. e4 c5 2. Nf3 Nc6 3. d4 cxd4 4. Nxd4 e5 5. Nb5 d6 6. N1c3 a6 7. Na3 Be7 8. Nd5 Nf6 9. Nxf6+ Bxf6 10. Nc4 0-0 11. c3 Be6 12. Qxd6 Qxd6 13. Nxd6 b5 14. Nb7 Be7 15. Be3 Rfc8 16. Nc5 Bxc5 17. Bxc5 Na5 18. Be3 Bc4 19. Bxc4 Rxc4 20. f3 Ra4 21. a3 Nb3 22. 0-0 f6 23. Rae1 Rc4 24. Bc1 1/2-1/2

[Event "SVK-chT2A 2223"]
[Site "Slovakia"]
[Date "2022.10.08"]
[Round "1.2"]
[White "Takacs, Laszlo"]
[Black "Lanc, Alois"]
[Result "0-1"]
[WhiteElo "2213"]
[BlackElo "2269"]
[PlyCount "120"]
[EventDate "2022.10.08"]
[EventType "team-tourn"]
[EventRounds "11"]
[EventCountry "SVK"]
[SourceTitle "CBM 210 Extra"]
[Source "ChessBase"]
[SourceDate "2022.11.30"]
[SourceVersion "1"]
[SourceVersionDate "2022.11.30"]
[SourceQuality "1"]
[WhiteTeam "Dunajska Streda II"]
[BlackTeam "Trnava Lokomotiva"]
[WhiteTeamCountry "SVK"]
[BlackTeamCountry "SVK"]

1. e4 c5 2. Nf3 Nc6 3. d4 cxd4 4. Nxd4 Nf6 5. Nc3 d6 6. Bg5 e6 7. Qd3 a6 8. 0-0-0 Bd7 9. f4 h6 10. Bh4 g5 11. fxg5 Ng4 12. Nf3 Nge5 13. Nxe5 Nxe5 14. Qd4 Rc8 15. Be2 hxg5 16. Bg3 Qa5 17. Rhf1 Qc5 18. Bxe5 Qxe5 19. Qxe5 dxe5 20. h3 Bc6 21. Bf3 b5 22. Ne2 Bc5 23. Kb1 b4 24. Nc1 Ke7 25. Nd3 Bb5 26. Rfe1 f6 27. Nxc5 Rxc5 28. Rd2 Rhc8 29. Re3 Ba4 30. Ree2 a5 31. Rf2 Bc6 32. Rf1 Rc4 33. Re1 Rd4 34. Kc1 Rxd2 35. Kxd2 Rd8+ 36. Ke3 Ba4 37. b3 Bb5 38. Rd1 Rc8 39. Kd2 f5 40. Re1 Kf6 41. Re3 Rd8+ 42. Kc1 Rd4 43. c3 bxc3 44. Rxc3 Bd3 45. exf5 exf5 46. Rc6+ Kg7 47. Rc7+ Kf6 48. Rc6+ Ke7 49. Rc5 e4 50. Bh5 Kf6 51. Rxa5 e3 52. Kd1 Bf1+ 53. Ke1 Bxg2 54. Ra7 Bxh3 55. a4 g4 56. a5 f4 57. a6 Kg5 58. Be8 f3 59. Rf7 Rd2 60. a7 Ra2 0-1

[Event "Trnava Reti Memorial IM"]
[Site "Trnava"]
[Date "2022.08.12"]
[Round "3"]
[White "Lanc, Alois"]
[Black "Skreno, Vladimir"]
[Result "1-0"]
[WhiteElo "2263"]
[BlackElo "2083"]
[PlyCount "81"]
[EventDate "2022.08.10"]
[EventType "tourn"]
[EventRounds "9"]
[EventCountry "SVK"]
[EventCategory "1"]
[SourceTitle "CBM 209 Extra"]
[Source "ChessBase"]
[SourceDate "2022.09.30"]
[SourceVersion "1"]
[SourceVersionDate "2022.09.30"]
[SourceQuality "1"]

1. e4 c5 2. Nf3 Nc6 3. d4 cxd4 4. Nxd4 e5 5. Nb5 a6 6. Nd6+ Bxd6 7. Qxd6 Qf6 8. Qd2 Nge7 9. Nc3 d6 10. b3 0-0 11. Bb2 Rd8 12. 0-0-0 Be6 13. Nd5 Bxd5 14. exd5 Nb8 15. g3 Nd7 16. f4 b5 17. Bg2 Rac8 18. fxe5 Nxe5 19. Be4 N7g6 20. h4 Qe7 21. Rhe1 Qc7 22. h5 Nf8 23. Kb1 a5 24. h6 g6 25. Rc1 Re8 26. Qf4 f5 27. Bg2 Nfd7 28. Bf1 Rb8 29. Re3 Rf8 30. Rc3 Qb7 31. Bg2 Nf6 32. Rc6 Nxc6 33. dxc6 Qe7 34. Rd1 Rbd8 35. Qd4 Rf7 36. g4 fxg4 37. Bd5 Rdf8 38. c7 Qe5 39. Bxf7+ Kxf7 40. Qxe5 dxe5 41. Rd8 1-0

[Event "SVK-chT2A 2122"]
[Site "Slovakia"]
[Date "2022.04.30"]
[Round "10.4"]
[White "Pekar, Jozef"]
[Black "Lanc, Alois"]
[Result "1/2-1/2"]
[WhiteElo "1901"]
[BlackElo "2293"]
[PlyCount "58"]
[EventDate "2021.10.16"]
[EventType "team-tourn"]
[EventRounds "11"]
[EventCountry "SVK"]
[SourceTitle "EXT 2023"]
[Source "ChessBase"]
[SourceDate "2022.10.05"]
[SourceVersion "1"]
[SourceVersionDate "2022.10.05"]
[SourceQuality "1"]
[WhiteTeam "Pezinok"]
[BlackTeam "Trnava Sered"]
[WhiteTeamCountry "SVK"]
[BlackTeamCountry "SVK"]

1. e4 c5 2. Nc3 Nc6 3. g3 g6 4. Bg2 Bg7 5. Nge2 h5 6. h3 Rb8 7. d3 b5 8. Rb1 b4 9. Nd5 e6 10. Ne3 Nge7 11. 0-0 Qc7 12. Nc4 Bb7 13. Bf4 Ne5 14. c3 d6 15. Nxe5 dxe5 16. Be3 Qa5 17. cxb4 cxb4 18. Qd2 0-0 19. a3 Nc6 20. axb4 Nxb4 21. Ra1 Qb5 22. Bxa7 Rbd8 23. Nc3 Qxd3 24. Qxd3 Nxd3 25. b4 Rc8 26. Na4 Bc6 27. Rfb1 Rfd8 28. Nc5 Nxc5 29. Bxc5 Rd7 1/2-1/2

[Event "SVK-chT2A 2122"]
[Site "Slovakia"]
[Date "2022.03.26"]
[Round "8.3"]
[White "Lanc, Alois"]
[Black "Bochnicka, Vladimir1111"]
[Result "1/2-1/2"]
[WhiteElo "2288"]
[BlackElo "2199"]
[PlyCount "114"]
[EventDate "2021.10.16"]
[EventType "team-tourn"]
[EventRounds "11"]
[EventCountry "SVK"]
[SourceTitle "EXT 2023"]
[Source "ChessBase"]
[SourceDate "2022.10.05"]
[SourceVersion "1"]
[SourceVersionDate "2022.10.05"]
[SourceQuality "1"]
[WhiteTeam "Trnava Sered"]
[BlackTeam "Modra II"]
[WhiteTeamCountry "SVK"]
[BlackTeamCountry "SVK"]

1. e4 c5 2. Nf3 Nc6 3. Bb5 Nf6 4. Nc3 g6 5. e5 Ng4 6. Bxc6 dxc6 7. h3 Nh6 8. g4 Bg7 9. d3 0-0 10. Be3 f6 11. Bxc5 fxe5 12. Ng5 Nf7 13. Nxf7 Rxf7 14. Qd2 b6 15. Be3 c5 16. Ne4 Bb7 17. c4 Qe8 18. 0-0-0 b5 19. Qc2 Rb8 20. Rd2 bxc4 21. Qxc4 Qd8 22. b3 Bd5 23. Qa4 Qc7 24. Rc2 c4 25. Rxc4 Bxc4 26. Qxc4 Qb7 27. Kb1 Rc8 28. Bc5 e6 29. Rc1 Qd5 30. Qxd5 exd5 31. Nd6 Rxc5 32. Rxc5 Rxf2 33. Rxd5 Rf3 34. Ne4 h6 35. Rd8+ Bf8 36. h4 Kf7 37. Kc2 Rf4 38. g5 Rxh4 39. Rd7+ Ke6 40. Rxa7 Be7 41. gxh6 Rxh6 42. Kc3 Rh8 43. b4 Rc8+ 44. Kb3 Rd8 45. Nf2 Bh4 46. Ne4 Rxd3+ 47. Ka4 Rd4 48. Nc5+ Kf6 49. Kb3 Be1 50. a3 g5 51. Nd7+ Kf5 52. Nxe5 g4 53. Rf7+ Ke6 54. Rf1 Bg3 55. Nxg4 Rxg4 56. Rg1 Kd5 57. a4 Kc6 1/2-1/2

[Event "SVK-chT2A 2122"]
[Site "Slovakia"]
[Date "2022.03.05"]
[Round "5.3"]
[White "Lanc, Alois"]
[Black "Cibik, Jan"]
[Result "1-0"]
[WhiteElo "2288"]
[BlackElo "1896"]
[PlyCount "119"]
[EventDate "2021.10.16"]
[EventType "team-tourn"]
[EventRounds "11"]
[EventCountry "SVK"]
[SourceTitle "EXT 2023"]
[Source "ChessBase"]
[SourceDate "2022.10.05"]
[SourceVersion "1"]
[SourceVersionDate "2022.10.05"]
[SourceQuality "1"]
[WhiteTeam "Trnava Sered"]
[BlackTeam "Senec"]
[WhiteTeamCountry "SVK"]
[BlackTeamCountry "SVK"]

1. e4 e5 2. Nf3 Nc6 3. Bb5 a6 4. Ba4 Nf6 5. 0-0 d6 6. Re1 b5 7. Bb3 Na5 8. d3 Be7 9. Nbd2 0-0 10. Nf1 h6 11. Ng3 Nh7 12. Bd2 Nxb3 13. axb3 f5 14. exf5 Bxf5 15. Nxf5 Rxf5 16. d4 exd4 17. Nxd4 Rf7 18. Nc6 Qf8 19. Nxe7+ Rxe7 20. Rxe7 Qxe7 21. Bxh6 Re8 22. Be3 Nf6 23. h3 Qe6 24. Rxa6 Nd5 25. Bd2 Qe4 26. Ra1 Qd4 27. c3 Qd3 28. Bg5 Qf5 29. Qd2 Nf6 30. Bxf6 gxf6 31. c4 bxc4 32. bxc4 Qe5 33. Rd1 Rb8 34. b4 Qe4 35. Qc3 Kf7 36. Re1 Qc6 37. Qd3 Rg8 38. g4 Rh8 39. Kh2 Qd7 40. Qd5+ Kg7 41. Kg3 Re8 42. Rxe8 Qxe8 43. g5 Qe1 44. gxf6+ Kxf6 45. Qf3+ Kg6 46. b5 Qe5+ 47. Kg2 Qe7 48. Qg4+ Kh6 49. h4 Qe8 50. h5 Qa8+ 51. Kg3 Kh7 52. Qg6+ Kh8 53. h6 Qa3+ 54. Kg4 Qc3 55. Qg7+ Qxg7+ 56. hxg7+ Kxg7 57. Kf4 Kg6 58. Ke4 Kf6 59. Kd5 Ke7 60. Kc6 1-0